Multifunkčná telocvičňa

Uložené v:
Podrobná bibliografia
Hlavný autor: Fidriková, Martina (Autor)
Ďalší autori: Andráš, Milan (Vedúci práce)
Médium: Rukopis Kniha
Jazyk:Slovak
Vydavateľské údaje: Bratislava 2019
Predmet:
On-line prístup:http://is.stuba.sk/zp/portal_zp.pl?podrobnosti=128073
Tagy: Pridať tag
Žiadne tagy, Buďte prvý, kto otaguje tento záznam!

MARC

LEADER 00000ntm a22000003a 4500
001 stuzp73925
003 SK-STU
005 20200916105528.1
007 ta
008 150427s2015----xo-----f-mn---000-0-slo-d
040 |a STU  |b slo 
041 0 |a slo 
100 1 |a Fidriková, Martina  |u 058180  |4 aut  |U FAD Fakulta architektúry  |T FA Ústav architektúry občianskych budov  |X 82326  |U A8180  |Y 399  |7 82326 
242 0 1 |a Multifunction Gym  |y eng 
245 1 0 |a Multifunkčná telocvičňa 
260 |c 2019  |a Bratislava 
650 4 |a HALA  |2 slo 
650 4 |a telocvičňa  |2 slo 
650 4 |a garda  |2 slo 
650 4 |a hall  |2 eng 
650 4 |a garda  |2 eng 
650 4 |a sport  |2 eng 
700 1 |a Andráš, Milan  |u 058180  |k Z1  |4 ths  |U FAD Fakulta architektúry  |T FA Ústav architektúry občianskych budov  |X 4208  |U A8180  |Y 399  |7 A000004208 
856 4 |u http://is.stuba.sk/zp/portal_zp.pl?podrobnosti=128073  |u https://opac.crzp.sk/?fn=detailBiblioForm&sid=56521031C266C9A2AF3D07001945